| 000 | 00824nam a2200241 a 4500 | ||
|---|---|---|---|
| 003 | CBULib | ||
| 005 | 20240807132454.0 | ||
| 008 | 190521s2015 ||||||||||||||||| || u | ||
| 040 |
_aCBULib _bEnglish _cCBULib _erda |
||
| 041 | _aeng | ||
| 050 | _aUNCTAD(058)TDRO/2015 | ||
| 110 | _aUnited Nations Conference on Trade and Development (UNCTAD) | ||
| 245 | 1 | 0 |
_aTrade and Development report, 2015 overview _c/ by United Nations Conference on Trade and Development(UNCTAD) |
| 260 |
_aNew York : _bUnited Nations, _c2015. |
||
| 300 | _a36 pages | ||
| 336 |
_2rdacontent _aText | _btxt |
||
| 337 |
_2rdamedia _aUnmediated | _bn |
||
| 338 |
_2rdacarrier _aVolume _bnc |
||
| 650 | _aECONOMICAL POLICY | ||
| 650 | _aDEVELOPING COUNTRIES | ||
| 942 |
_2mc _c029 |
||
| 999 |
_c60120 _d60120 |
||